[Event "Challenge"]
[Site "http://www.queenalice.com/game.php?id=65088"]
[Date "2006.4.23"]
[Round "-"]
[White "Frankone"]
[Black "chicorovisk"]
[Result "0-1"]
[WhiteElo "1370"]
[BlackElo "1635"]

1. e4 c5 2. c4 e6 3. f4 d5 4. exd5 exd5 5. Qe2+ Be7 6. g3 Nf6 7. Nc3 d4 8. Na4
O-O 9. d3 Re8 10. Nf3 Qa5+ 11. Nc3 dxc3 12. Qc2 cxb2+ 13. Bd2 bxa1=Q+ 14. Ke2
Q5xa2 15. Qxa2 Qxa2 16. h3 Nc6 17. h4 Bg4 18. Rh2 Nd4+ 19. Ke3 Nxf3 20. Re2 Nxd2
21. Rxd2 Bd6+ 22. Kf2 Qxd2+ 23. Kg1 Re1 24. d4 Bh3 0-1

[Event "Challenge"]
[Site "http://www.queenalice.com/game.php?id=65091"]
[Date "2006.4.23"]
[Round "-"]
[White "ilardi"]
[Black "chicorovisk"]
[Result "0-1"]
[WhiteElo "1388"]
[BlackElo "1654"]

1. e4 c5 2. Nc3 d6 3. Bc4 e6 4. Nf3 Nf6 5. O-O a6 6. d4 cxd4 7. Nxd4 Be7 8. Be3
O-O 9. Bd3 Nbd7 10. f4 Qc7 11. Qe2 b5 12. Qf3 Bb7 13. Rad1 Nc5 14. Be2 b4 15.
Nb1 Ncxe4 16. Qh3 Nc5 17. Rf3 Bxf3 18. Bxf3 d5 19. Nd2 Na4 20. b3 Nc3 21. Ra1
Nce4 22. Nxe4 dxe4 23. Be2 Nd5 24. Bd2 Qb6 25. Be3 Nxe3 26. Qxe3 Bc5 27. Rd1
Rfd8 28. h3 Bxd4 29. Rxd4 Qxd4 30. Qf2 Qxf2+ 31. Kh2 Qxe2 0-1

[Event "Challenge"]
[Site "http://www.queenalice.com/game.php?id=65092"]
[Date "2006.4.23"]
[Round "-"]
[White "chicorovisk"]
[Black "ilardi"]
[Result "0-1"]
[WhiteElo "1562"]
[BlackElo "1399"]

1. Nf3 d6 2. b3 Nf6 3. Bb2 Nc6 4. e3 Bg4 5. Be2 e5 6. d3 Be7 7. Nbd2 O-O 8. O-O
Qd7 9. h3 Bxh3 10. gxh3 Qxh3 11. Nh2 Qe6 12. Bg4 Nxg4 13. Qxg4 Qd5 14. a3 f5 15.
Qc4 Qxc4 16. Nxc4 b5 17. Nd2 Rf7 18. Kg2 Raf8 19. Rg1 f4 20. e4 g5 21. Ng4 f3+
22. Kg3 Kg7 23. Rh1 Rh8 24. Nh6 Rf6 25. Nf5+ Kg6 26. Rh6+ Kf7 27. Nxf3 Rxh6 28.
Nxh6+ Kg7 29. Rh1 Rf8 30. Nf5+ Kg6 31. Rh6+ Kf7 32. Rxh7+ Ke8 33. Kg4 a5 34. Bc1
Rf7 35. Rxf7 Kxf7 0-1

[Event "Challenge"]
[Site "http://www.queenalice.com/game.php?id=65098"]
[Date "2006.4.23"]
[Round "-"]
[White "chicorovisk"]
[Black "johnrbrown"]
[Result "1/2-1/2"]
[WhiteElo "1679"]
[BlackElo "1643"]

1. Nf3 d5 2. b3 c6 3. Bb2 Bf5 4. d3 Nd7 5. Nbd2 Ngf6 6. e3 Qc7 7. Be2 e6 8. O-O
Bd6 9. c4 O-O 10. h3 Nc5 11. Qc2 Rac8 12. Bxf6 gxf6 13. b4 Nd7 14. c5 Be7 15.
Qb2 e5 16. Rac1 Rfe8 17. Nh2 b6 18. d4 exd4 19. Qxd4 Qe5 20. Ndf3 Qxd4 21. Nxd4
Be6 22. cxb6 axb6 23. Nxc6 Bd6 24. a3 Ne5 25. Nd4 Nc4 26. Bxc4 dxc4 27. Nxe6
Bxh2+ 28. Kxh2 fxe6 29. Rfd1 b5 1/2-1/2

[Event "Challenge"]
[Site "http://www.queenalice.com/game.php?id=65099"]
[Date "2006.4.23"]
[Round "-"]
[White "johnrbrown"]
[Black "chicorovisk"]
[Result "1/2-1/2"]
[WhiteElo "1643"]
[BlackElo "1608"]

1. e4 c5 2. Nf3 d6 3. d4 cxd4 4. Nxd4 Nf6 5. Nc3 a6 6. f4 e6 7. Be2 Be7 8. O-O
Nbd7 9. f5 Nc5 10. fxe6 fxe6 11. Bf3 e5 12. Nb3 Nxb3 13. axb3 O-O 14. Nd5 Be6
15. Nxe7+ Qxe7 16. c4 h6 17. Qe1 Rf7 18. Qh4 Raf8 19. Bd2 Qc7 20. Be3 Qd7 21. h3
Qc8 1/2-1/2

[Event "AUTO-ADV-167"]
[Site "http://www.queenalice.com/game.php?id=66434"]
[Date "2006.5.2"]
[Round "1"]
[White "chicorovisk"]
[Black "brez2fax"]
[Result "1-0"]
[WhiteElo "1539"]
[BlackElo "1346"]

1. Nf3 c5 2. b3 Nh6 3. Bb2 e6 4. e3 Nf5 5. d3 d6 6. Be2 Nh4 7. O-O e5 8. Nbd2
Bg4 9. h3 Bxf3 10. Nxf3 Be7 11. d4 e4 12. Nxh4 Bxh4 13. dxc5 d5 14. Qd2 O-O 15.
Rad1 Nc6 16. Qxd5 Qxd5 17. Rxd5 Rfd8 18. Rfd1 Nb4 19. Rxd8+ 1-0

[Event "AUTO-ADV-167"]
[Site "http://www.queenalice.com/game.php?id=66435"]
[Date "2006.5.2"]
[Round "1"]
[White "brez2fax"]
[Black "chicorovisk"]
[Result "0-1"]
[WhiteElo "1332"]
[BlackElo "1615"]

1. e4 c5 2. Bc4 e6 3. Nf3 d5 4. Bb5+ Bd7 5. Qe2 Ne7 6. exd5 Nxd5 7. O-O a6 8.
Bc4 Be7 9. Ne5 O-O 10. Bxd5 exd5 11. d3 Re8 12. Bf4 Bd6 13. Nxf7 Qf6 14. Nxd6
Rxe2 15. Bg3 b6 16. c3 Nc6 17. Na3 Ne5 18. Bxe5 Rxe5 19. Ndc4 dxc4 20. Nxc4 Re2
21. b3 Rae8 22. Ne3 Qxc3 23. h3 Re6 24. Nd5 Qe5 25. Nc7 Qxc7 0-1

[Event "AUTO-ADV-167"]
[Site "http://www.queenalice.com/game.php?id=66436"]
[Date "2006.5.2"]
[Round "1"]
[White "chicorovisk"]
[Black "CapivaraChess"]
[Result "0-1"]
[WhiteElo "1586"]
[BlackElo "1640"]

1. Nf3 d5 2. b3 Nc6 3. Bb2 d4 4. d3 e5 5. Nbd2 Nf6 6. g3 g6 7. Bg2 Bg7 8. O-O
O-O 9. c3 dxc3 10. Bxc3 Bg4 11. Re1 Bxf3 12. Bxf3 a6 13. Bxc6 bxc6 14. Bxe5 Qd7
15. Nf1 Qf5 16. Bb2 Ng4 17. Bxg7 Kxg7 18. f3 Nf6 19. Qc2 c5 0-1

[Event "AUTO-ADV-167"]
[Site "http://www.queenalice.com/game.php?id=66437"]
[Date "2006.5.2"]
[Round "1"]
[White "CapivaraChess"]
[Black "chicorovisk"]
[Result "1-0"]
[WhiteElo "1586"]
[BlackElo "1620"]

1. e4 c5 2. Nf3 d6 3. d4 cxd4 4. Nxd4 Nf6 5. Nc3 a6 6. Bc4 e6 7. O-O Be7 8. Bb3
O-O 9. Re1 Nbd7 10. Nf3 Qc7 11. a3 b5 12. Bg5 Bb7 13. Bxf6 Bxf6 14. Rb1 Nc5 15.
Ba2 Bxc3 16. bxc3 Nxe4 17. Ng5 Nxg5 18. Qd3 h6 19. f3 Qc5+ 20. Kf1 1-0

[Event "AUTO-ADV-167"]
[Site "http://www.queenalice.com/game.php?id=66438"]
[Date "2006.5.2"]
[Round "1"]
[White "chicorovisk"]
[Black "Tweetie"]
[Result "0-1"]
[WhiteElo "1676"]
[BlackElo "1729"]

1. Nf3 Nf6 2. b3 e6 3. Bb2 d5 4. e3 Be7 5. Be2 Nbd7 6. d3 c6 7. Nbd2 Qc7 8. O-O
Bd6 9. c4 O-O 10. h3 e5 11. cxd5 cxd5 12. Rc1 Qd8 13. Rc2 b6 14. Qa1 Qe7 15. Nh4
g6 0-1

[Event "AUTO-ADV-167"]
[Site "http://www.queenalice.com/game.php?id=66439"]
[Date "2006.5.2"]
[Round "1"]
[White "Tweetie"]
[Black "chicorovisk"]
[Result "1-0"]
[WhiteElo "1754"]
[BlackElo "1644"]

1. e4 c5 2. Nf3 d6 3. d4 cxd4 4. Nxd4 Nf6 5. Nc3 a6 6. Be2 e6 7. Be3 Be7 8. Qd2
Nbd7 9. O-O O-O 10. Rad1 Qc7 11. a4 b6 12. g4 Bb7 13. f3 Rac8 14. g5 Ne8 15. h4
Nc5 16. Nb3 1-0

[Event "AUTO-INT-185"]
[Site "http://www.queenalice.com/game.php?id=109912"]
[Date "2006.9.26"]
[Round "1"]
[White "KobeB"]
[Black "chicorovisk"]
[Result "0-1"]
[WhiteElo "1787"]
[BlackElo "1601"]

1. e4 c5 2. Nf3 d6 3. Bb5+ Bd7 4. Qe2 a6 5. Bxd7+ Nxd7 6. O-O Ngf6 7. Nc3 e6 8.
e5 dxe5 9. Nxe5 Be7 10. Re1 O-O 11. d3 Nxe5 12. Qxe5 h6 13. Qg3 Kh8 14. Ne4 Rc8
15. b3 Nxe4 16. Rxe4 Bf6 17. Rb1 Rc6 18. Bb2 Bxb2 19. Rxb2 Qf6 20. Qe5 Qe7 21.
g3 Rd8 22. Rg4 f6 23. Qh5 Rd5 24. Qg6 f5 25. Rf4 Re5 26. c4 Re1+ 27. Kg2 e5 28.
Qxc6 bxc6 29. Rxf5 e4 30. Rf3 exf3+ 0-1

[Event "AUTO-INT-185"]
[Site "http://www.queenalice.com/game.php?id=109913"]
[Date "2006.9.26"]
[Round "1"]
[White "chicorovisk"]
[Black "KobeB"]
[Result "1-0"]
[WhiteElo "1569"]
[BlackElo "1747"]

1. Nf3 Nf6 2. b3 g6 3. Bb2 Bg7 4. g3 O-O 5. Bg2 b6 6. O-O Bb7 7. d3 d5 8. Nbd2
Re8 9. e3 Nbd7 10. a3 e5 11. c4 dxc4 12. dxc4 Ne4 13. Qc2 Nxd2 14. Nxd2 Bxg2 15.
Kxg2 Nc5 16. Rad1 Qd7 17. Kg1 Rad8 18. b4 Na4 19. Ba1 a5 20. Nb1 Qg4 21. Qxa4
Rxd1 22. Rxd1 e4 23. Qxe8+ Bf8 24. Rd8 1-0

[Event "AUTO-INT-185"]
[Site "http://www.queenalice.com/game.php?id=109928"]
[Date "2006.9.26"]
[Round "1"]
[White "ravague"]
[Black "chicorovisk"]
[Result "0-1"]
[WhiteElo "1855"]
[BlackElo "1632"]

1. e4 c5 2. Bc4 e6 3. Nc3 a6 4. a4 d6 5. Nf3 Nd7 6. O-O Ngf6 7. Re1 Be7 8. b3
Qc7 9. d4 cxd4 10. Nxd4 O-O 11. Bb2 Ne5 12. Bd3 b6 13. f4 Nxd3 14. cxd3 Bb7 15.
Re3 Rac8 16. Rg3 g6 17. h4 Kh8 18. Rc1 Qb8 19. b4 Nh5 20. Rg4 Bf6 21. Nde2 Rc7
22. e5 dxe5 23. fxe5 Bxe5 24. Qf1 Bg7 25. Qf2 Ba8 26. Rc4 Rxc4 27. dxc4 Qd6 28.
Ba3 Bh6 29. Rd1 Qe5 30. b5 Be3 0-1

[Event "AUTO-INT-185"]
[Site "http://www.queenalice.com/game.php?id=109929"]
[Date "2006.9.26"]
[Round "1"]
[White "chicorovisk"]
[Black "ravague"]
[Result "1-0"]
[WhiteElo "1663"]
[BlackElo "1837"]

1. Nf3 d5 2. b3 Bg4 3. Bb2 Nc6 4. g3 Qd7 5. h3 Bh5 6. Bg2 O-O-O 7. d3 f6 8. O-O
Kb8 9. Nbd2 e5 10. a3 Bd6 11. b4 b6 12. c4 d4 13. Qb3 g5 14. c5 Bf8 15. Qa4 Nce7
16. Qa6 Qc8 17. Qxc8+ Rxc8 18. Rfc1 Bh6 19. cxb6 cxb6 20. g4 Be8 21. Rxc8+ Nxc8
22. Rc1 Nge7 23. Ne4 Bg7 24. Ng3 Nd5 25. Nxd4 Nf4 26. Ndf5 Bf8 27. Kf1 h5 28.
Ne4 Nd5 29. Nxg5 Bh6 30. Nxh6 Rxh6 31. Bxd5 hxg4 32. hxg4 fxg5 33. Bxe5+ Nd6 34.
Bxd6+ Rxd6 35. Be4 Bd7 36. f3 Rf6 37. Kg2 1-0

[Event "AUTO-INT-185"]
[Site "http://www.queenalice.com/game.php?id=109938"]
[Date "2006.9.26"]
[Round "1"]
[White "juve_leo"]
[Black "chicorovisk"]
[Result "0-1"]
[WhiteElo "1507"]
[BlackElo "1524"]

1. d4 d5 2. c4 e6 3. Nf3 Nf6 4. Bf4 Be7 5. Nc3 a6 6. e3 Nbd7 7. Bd3 dxc4 8. Bxc4
b5 9. Bb3 Bb7 10. O-O O-O 11. Ne5 c5 12. d5 exd5 13. Nxd5 c4 14. Nxf6+ Nxf6 15.
Bc2 Qb6 0-1

[Event "AUTO-INT-185"]
[Site "http://www.queenalice.com/game.php?id=109939"]
[Date "2006.9.26"]
[Round "1"]
[White "chicorovisk"]
[Black "juve_leo"]
[Result "1-0"]
[WhiteElo "1548"]
[BlackElo "1507"]

1. Nf3 d5 2. b3 Nc6 3. Bb2 d4 4. g3 Bf5 5. Bg2 e5 6. d3 Nf6 7. O-O Bd6 8. Nbd2
O-O 9. a3 Re8 10. c4 dxc3 11. Bxc3 e4 12. dxe4 Bxe4 13. Nxe4 Nxe4 14. Bb2 Ne7
15. Qc2 1-0

[Event "AUTO-INT-185"]
[Site "http://www.queenalice.com/game.php?id=211588"]
[Date "2007.5.16"]
[Round "2"]
[White "chicorovisk"]
[Black "erickeek"]
[Result "1-0"]
[WhiteElo "1677"]
[BlackElo "1615"]

1. Nf3 d6 2. b3 Bf5 3. Bb2 Nd7 4. g3 e5 5. d3 Qf6 6. Nbd2 O-O-O 7. Bg2 g5 8. O-O
g4 9. Nh4 Be6 10. f4 Ne7 11. Rb1 Qh6 12. c4 f6 13. f5 Qe3+ 14. Kh1 Bf7 15. Bc1
Kb8 16. Ne4 Qb6 17. e3 h5 18. Qe2 c6 19. Nxd6 Bg8 20. b4 c5 21. Nxb7 Rc8 22. Bd2
Rc7 23. bxc5 Qa6 24. Nd6+ Nb6 25. cxb6 axb6 26. Nb5 Rc5 27. Bb4 Rxb5 28. Bd6+
1-0

[Event "AUTO-INT-185"]
[Site "http://www.queenalice.com/game.php?id=211589"]
[Date "2007.5.16"]
[Round "2"]
[White "erickeek"]
[Black "chicorovisk"]
[Result "0-1"]
[WhiteElo "1615"]
[BlackElo "1662"]

1. d4 d5 2. Nc3 Nf6 3. Nf3 Bg4 4. Bf4 a6 5. Qd3 e6 6. O-O-O Be7 7. e4 O-O 8. Be2
Bb4 9. exd5 Bf5 10. Qc4 Bxc3 11. Bxc7 Bxb2+ 12. Kxb2 Qxd5 13. Qxd5 Nxd5 14. Bd6
Rc8 15. Bd3 Bxd3 16. Rxd3 Nc6 17. c4 Nb6 18. a3 Nxc4+ 19. Kb3 Nxd6 20. Rc1 Ne7
21. Rxc8+ Rxc8 22. Nd2 Nd5 23. g4 g6 24. f3 Nf4 25. Rc3 Rxc3+ 26. Kxc3 Nb5+ 27.
Kb4 Nxd4 0-1

[Event "AUTO-INT-185"]
[Site "http://www.queenalice.com/game.php?id=211590"]
[Date "2007.5.16"]
[Round "2"]
[White "chicorovisk"]
[Black "jcbraga"]
[Result "0-1"]
[WhiteElo "1691"]
[BlackElo "1753"]

1. Nf3 d5 2. b3 Nc6 3. Bb2 Bf5 4. e3 Nb4 5. d3 Nf6 6. Nbd2 e6 7. Be2 Bd6 8. O-O
O-O 9. a3 Nc6 10. h3 e5 11. c4 dxc4 12. Nxc4 a6 13. Ncxe5 Nxe5 14. Nxe5 Bxe5 15.
Bxe5 Re8 16. Bb2 b5 17. Bd4 Nd7 0-1

[Event "AUTO-INT-185"]
[Site "http://www.queenalice.com/game.php?id=211591"]
[Date "2007.5.16"]
[Round "2"]
[White "jcbraga"]
[Black "chicorovisk"]
[Result "1-0"]
[WhiteElo "1769"]
[BlackElo "1675"]

1. e4 c5 2. Nf3 d6 3. d4 cxd4 4. Nxd4 Nf6 5. Bg5 Nxe4 6. Bh4 Nc5 7. Bb5+ Bd7 8.
Bxd7+ Qxd7 9. O-O e6 10. Nc3 Be7 11. Bxe7 Qxe7 12. Nb3 O-O 13. Nxc5 dxc5 14. Re1
Nc6 15. Nd5 Qg5 16. Nc7 Rac8 17. Nb5 1-0